000 00605nam a2200193 4500
001 3669
005 20181127171725.0
010 0 0 _a
020 0 0 _a0835605973
090 0 0 _a248.1 C4339s 1987
100 0 0 _aChah, Achaan.
245 0 0 _aA still forest pool ;
_bThe insight meditation of Achaan Chah /
_cAchaan Chah; compiled and edited by Jack Kornfield & Paul Breiter.
_h
250 0 0 _a
260 0 0 _aWheaton, IL :
_bTheosophical Publishing House,
_c1987.
300 0 0 _axix, 192 p. : ill. ; 21 cm.
500 0 0 _a"A Quest Book"
650 0 0 _aMeditation --Buddhism.
_x
650 0 0 _aSpiritual life --Buddhism.
_x
999 _c2993
_d2993